000 00183 a2200097 4500
020 _a9780099481768
041 _aeng
100 _aGrisham, John
245 _aThe Appeal
942 _cBK
999 _c13627
_d13627